Matemática para armar 5 /

Guardado en:
Autor Principal: Chelle, María Teresita.
Otros Autores: Varettoni, Marcos., Zacaniño, Liliana., Ressia de Moreno, Beatriz; coord.
Formato: Libro
Idioma:Undetermined
Publicado: Boulogne : Puerto de palos, 2022.
Edición:1a ed. 1a reimp.
Series:Libros para aprender
Materias:
Etiquetas: Agregar Etiqueta
Sin Etiquetas, Sea el primero en etiquetar este registro!
LEADER 01713nam a22002415a 4500
001 CEM.cems020936
008 240318s2022####xx############000#0#und#d
005 20240318144856.0
245 1 0 |a Matemática para armar 5 /  |c María Teresita Chelle, Marcos Varettoni y Liliana Zacaniño ; coordinado por Beatriz Ressia de Moreno. 
250 |a 1a ed. 1a reimp. 
260 |a Boulogne :  |b Puerto de palos,  |c 2022. 
300 |a 176 p. 
490 1 |a Libros para aprender 
500 |a Edición especial para el Ministerio de Educación de la Nación. 
505 0 |a Funciones sociales de los números -- Orden hasta 100. Organización y regularidades -- Valor posicional de las cifras -- Suma y resta. Diferentes procedimientos -- Sistematizar y ampliar repertorios de suma -- Cálculos con la calculadora -- Cálculos mentales de suma y resta -- Planos -- Escrituras numéricas de tres cifras -- Flexibilización de la tabla numérica -- Estimar resultados -- Geometría -- Cuadrados, rectángulos y triángulos -- Identificar un número a partir de las relaciones con otros números -- Números de 0 a 1.000 -- Relación cuerpo/figura -- Números hasta el 10.000 -- Problemas de series proporcionales -- Signo X -- Cálculo exacto y aproximado -- Proporcionalidad -- Multiplicaciones -- Instrumentos de medición -- Medidas de longitud -- Medidas de tiempo 
020 |a 9789877646306 
100 1 |a Chelle, María Teresita. 
700 1 |a Varettoni, Marcos. 
700 1 |a Zacaniño, Liliana. 
700 1 |a Ressia de Moreno, Beatriz; coord. 
653 |a Matemática 
859 |a CEMS  |b BIB. CEMS - Ccias. Educacion  |h 510  |i C418-1  |k CE  |p 29913.24  |t Ej.1  |3 2 
859 |a CEMS  |b BIB. CEMS - Ccias. Educacion  |h 510  |i C418-1  |k CE  |p 29914.24  |t Ej.2  |3 2